| 000 | 05339namaa22004331i 4500 | ||
|---|---|---|---|
| 003 | EG-GICUC | ||
| 005 | 20260402102501.0 | ||
| 008 | 260309s2025 ua a|||frm||| 000 0 eng d | ||
| 040 |
_aEG-GICUC _beng _cEG-GICUC _dEG-GICUC _erda |
||
| 041 | 0 |
_aeng _beng _bara |
|
| 049 | _aDeposit | ||
| 082 | 0 | 4 | _a006.754 |
| 092 |
_a006.754 _221 |
||
| 097 | _aM.Sc | ||
| 099 | _aCai01.15.01.M.Sc.2025.Ny.T | ||
| 100 | 0 |
_aNyra Ahmed Mokhtar Radwan Mostafa, _epreparation. |
|
| 245 | 1 | 0 |
_aTeenager’s engagement with tiktok as a social media platform for fame-seeking & self-disclosure / _cby Nyra Ahmed Mokhtar Radwan Mostafa ; Supervised Prof. Bassant Mourad Fahmi, Dr. Mennat Allah Abd El Hamid Salem. |
| 246 | 1 | 5 | _aاندماج المراهقين من تطبيق "تيك توك" سعياً للشهرة وتعبيرا عن الذات |
| 264 | 0 | _c2025. | |
| 300 |
_a157 pages : _billustrations ; _c30 cm. + _eCD. |
||
| 336 |
_atext _2rda content |
||
| 337 |
_aUnmediated _2rdamedia |
||
| 338 |
_avolume _2rdacarrier |
||
| 502 | _aThesis (M.Sc)-Cairo University, 2025. | ||
| 504 | _aBibliography: pages 136-146. | ||
| 520 | 3 | _aThe study examines the teenager‘s engagement with TikTok for fame-seeking and self-disclosure. The study applies to Egyptian TikTok users and relies on the quantitative, and qualitative techniques. The questionnaire is distributed to a convenience sample of TikTok users in Egypt. The sample size comprises 420 users. The collected and valid responses are 358. The qualitative technique of in- depth interview conducted with 11 of TikTok influencers. All influencers agreed that TikTok is currently the most effective platform for going viral and gaining fame. Most of them aim to produce meaningful content to shift the platform's negative image toward a more positive one. However, many reported negative psychological effects, such as low engagement, negative comments, and the promotion of untalented users. The data are analyzed by analysis modeling tool of statistical package for the social science (SPSS). The research proves that there is a positive relationship between the younger generation engagement level with TikTok and Fame-seeking. Also, when teenagers' engagement with TikTok increases leads to an increase in their self-disclosure in TikTok. The results stated that Egyptian teenagers always see themselves in good qualities, that they are able to do anything which reflects their ego and need for encouragement. They want to feel successful and verified. The research is limited to TikTok and its Egyptian users. The study shall be addressed to different social media platforms and other users. | |
| 520 | 3 | _aتتناول هذه الدراسة تفاعل المراهقين مع تطبيق تيك توك بغرض السعي إلى الشهرة والإفصاح عن الذات. وقد تم تطبيق الدراسة على مستخدمي تيك توك في مصر، بالاعتماد على كل من المنهج الكمي والنوعي، حيث تم توزيع الاستبيان على عينة قصدية من مستخدمي تيك توك في مصر، وبلغ حجم العينة 420 مستخدمًا، وتم اعتماد 358 استمارة صالحة للتحليل. كما تم استخدام المنهج النوعي بإجراء مقابلات معمقة مع 11 من المؤثرين على تيك توك، وقد تم تحليل البيانات باستخدام أداة النمذجة الإحصائية عبر برنامج الحزمة الإحصائية للعلوم الاجتماعية (SPSS). أثبتت نتائج البحث وجود علاقة إيجابية بين مستوى تفاعل الجيل الأصغر مع تيك توك والسعي نحو الشهرة. كما تبين أن زيادة تفاعل المراهقين مع تيك توك يؤدي إلى زيادة مستوى الإفصاح عن الذات على المنصة. أظهرت النتائج أن المراهقين المصريين غالبًا ما ينظرون لأنفسهم بإيجابية، ويعتقدون بقدرتهم على تحقيق أي شيء، وهو ما يعكس تقديرهم لذواتهم وحاجتهم إلى التشجيع. يرغبون في الشعور بالنجاح والحصول على التحقق (Verification). وقد اقتصرت الدراسة على منصة تيك توك ومستخدميها في مصر، ويوصى بأن تتوسع الدراسات المستقبلية لتشمل منصات تواصل اجتماعي أخرى ومستخدمين من بيئات مختلفة. | |
| 530 | _aIssues also as CD. | ||
| 546 | _aText in English and abstract in Arabic & English. | ||
| 650 | 0 | _aSocial media | |
| 650 | 0 | _aوسائل التواصل الاجتماعي | |
| 653 | 1 |
_aTikTok _ayounger generations _afame-seeking _aself-disclosure _aself- esteem _aتيك توك _aالأجيال الشابة |
|
| 700 | 0 |
_aBassant Mourad Fahmi _ethesis advisor. |
|
| 700 | 0 |
_aMennat Allah Abd El Hamid Salem _ethesis advisor. |
|
| 900 |
_b01-01-2025 _cBassant Mourad Fahmi _cMennat Allah Abd El Hamid Salem _UCairo University _FFaculty of Mass Communication _DDepartment of Radio and Television |
||
| 905 |
_aShimaa _eEman Ghareb |
||
| 942 |
_2ddc _cTH _e21 _n0 |
||
| 999 | _c178961 | ||